| 000 | 00484ckc a22001935a 4500 | ||
|---|---|---|---|
| 001 | L141034 | ||
| 008 | 071025n xxk eng u | ||
| 035 | _a(Sirsi) u141034 | ||
| 041 | 0 | _aeng | |
| 110 | 2 |
_aTimes Newspapers Limited _9255 |
|
| 245 | 0 | 1 |
_a[Collection of photographs of Knole, Kent] _h[graphic] |
| 260 | _cn.d. | ||
| 300 |
_a2 photographs _b+w _c17 x 22 cm. |
||
| 340 | _aPhotograph | ||
| 351 | _cFonds | ||
| 651 | 4 | _aKent | |
| 690 | _aBUILT ENVIRONMENT | ||
| 942 | _n0 | ||
| 999 |
_c116557 _d116557 |
||